Library Banner

Mufakar i mehran = مفکر مہران / (Record no. 129160)

MARC details
000 -LEADER
fixed length control field 00528nam a2200145 4500
005 - DATE AND TIME OF LATEST TRANSACTION
control field 20221022110538.0
008 - FIXED-LENGTH DATA ELEMENTS--GENERAL INFORMATION
fixed length control field 221022b ||||| |||| 00| 0 eng d
040 ## - CATALOGING SOURCE
Transcribing agency PK-LaUMT
082 ## - DEWEY DECIMAL CLASSIFICATION NUMBER
Classification number APC 297.4092
Item number AKH-M
100 ## - MAIN ENTRY--PERSONAL NAME
Personal name Akhtar Ansari Akbarabadi = اختر انصاری اکبرآبادی
245 ## - TITLE STATEMENT
Title Mufakar i mehran = مفکر مہران /
Statement of responsibility, etc by Akhtar Ansari Akbarabadi = اختر انصاری اکبرآبادی
260 ## - PUBLICATION, DISTRIBUTION, ETC. (IMPRINT)
Place of publication, distribution, etc Hyderabad :
Name of publisher, distributor, etc Director Mahkama Itla'at, Thandi Sarak,
Date of publication, distribution, etc NA
300 ## - PHYSICAL DESCRIPTION
Extent 115 p.
942 ## - ADDED ENTRY ELEMENTS (KOHA)
Koha item type Books
Holdings
Withdrawn status Lost status Damaged status Home library Current library Date acquired Full call number Barcode Date last seen Price effective from Koha item type
      UMT Main Campus UMT Main Campus 2022-10-22 APC 297.4092 AKH-M 143395 2022-10-22 2022-10-22 Books